00592nam a2200205 a 4500001001300000003000900013005001700022008004100039020002300080082002100103100002100124245007600145260005400221300000900275500003500284505001400319650001800333700001800351700001700369nice12345678IN_TiNIC20260116014233.0050524s2003 hyda grp 000 0 eng  a8190085 c50000a305.6297054bMUG aMughni, Tabassum aHindustani Musalman Manzil Ki Talash Mein, Nazre Syed Hashim Ali Akhter aHyderabadbIdara Adabiyat-E-Urdu Punjaguttac2003 a783p aincludes index and biblioraphy2 aReference aMuslims-India1 aHasan Chishti1 aSyeda Fatima